• 首页
  • 本馆介绍
  • 公告通知
  • 最新文献
  • 馆藏检索
  • 电子资源
  • 读者导购
  • 参考咨询
  • 我的图书馆
  • 登录
  • 详细信息显示
  • 放入我的书架
  • 预约/预借图书
  • 作者相关作品
  • 分类相关作品
  • 丛书相关作品
  • 出版社相关作品

书目信息

  • 表格格式
  • 工作单格式
  • 卡片格式
题名:
模型论与计算机复杂度
    
 
作者: 罗里波 著
分册:  
出版信息: 北京   北京师范大学出版社  2013
页数: 328页
开本: 19cm
丛书名:
单 册:
中图分类: O157.4-53
科图分类:
主题词: 数论 , 组合数学 , 代数
电子资源:
ISBN: 978-7-303-15890-4
000 00638nam0 2200217 450
001 1757604492
005 20170329160004.50
010    @a978-7-303-15890-4@d52
100    @a20170329d km y0chiy0120 ea
101 0  @achi
200 1  @a模型论与计算机复杂度@Amo xing lun yu ji suan ji fu za du@f罗里波著@Fluo li bo zhu
210    @a北京@c北京师范大学出版社@d2013
215    @a328页@d19cm
606 0  @a数论
606 0  @a组合数学
606 0  @a代数
690    @aO157.4-53@v4
701  0 @a罗里波@Aluo li bo@4著
801  0 @aCN@b大连网信软件有限公司图书馆·11@c20170329
905    @b6705737@dO157.4-53@eS384@f1
908    @c/S384@l数信系资料室
    
    模型论与计算机复杂度/罗里波著.-北京:北京师范大学出版社,2013
    328页;19cm
    
    
    ISBN 978-7-303-15890-4:52
    
●
相关链接 在E读中查询图书 在五车中查询图书 在当当中查询图书 在豆瓣中查询图书


正题名:模型论与计算机复杂度     索取号:O157.4-53/S384         预约/预借

序号 登录号 条形码 馆藏地/架位号 状态 备注
唐山师范学院图书馆 欢迎您!
大连网信软件有限公司© 版权所有